Churchill's first world war /

This landmark docu-drama re-examines the darkest hours of one of the 20th century's most remarkable heroes, combining fascinating re-evaluation of the epic and traumatic experiences of Winston Churchill in the First World War, and his contributions as Britain's greatest warlord. Disgraced...

Full description

Bibliographic Details
Other Authors: Kemp, Adam (Director, Producer, Screenwriter)
Format: Video
Language:English
Language Notes:In English.
Published: London, England : BBC Worldwide, 2013.
Series:Academic Video Online
Subjects:
Online Access:Connect to this streaming video (Alexander Street Press)

MARC

Tag First Indicator Second Indicator Subfields
LEADER 00000cgm a2200000Mi 4500
001 in00005591821
006 m o c
007 cr |n||||||||a
007 vz |za|z|
008 210128s2013 enk053 e o vneng d
005 20241201233446.9
035 |a (OCoLC)on1237665665 
040 |a ALSTP  |b eng  |e rda  |c ALSTP  |d OCLCO  |d OCLCF  |d OCLCO  |d OCLCQ  |d OCLCL  |d OCLCQ  |d NUI 
019 |a 1373421365  |a 1430850870  |a 1444005752 
035 |a (OCoLC)1237665665  |z (OCoLC)1373421365  |z (OCoLC)1430850870  |z (OCoLC)1444005752 
082 4 |a 941.084092  |q OCoLC 
049 |a TXAM 
245 0 0 |a Churchill's first world war /  |c written, produced & directed by Adam Kemp. 
264 1 |a London, England :  |b BBC Worldwide,  |c 2013. 
300 |a 1 online resource (53 minutes) 
306 |a 005241 
336 |a two-dimensional moving image  |b tdi  |2 rdacontent 
337 |a computer  |b c  |2 rdamedia 
337 |a video  |b v  |2 rdamedia 
338 |a online resource  |b cr  |2 rdacarrier 
347 |a video file  |2 rda 
490 0 |a Academic Video Online 
500 |a Title from resource description page (viewed January 28, 2021). 
508 |a Documentary photography, Eric Huyton ; drama photography, Mike Fox. 
511 0 |a Adam James, Verity Marshall ; narrator: Richard Lintern. 
520 |a This landmark docu-drama re-examines the darkest hours of one of the 20th century's most remarkable heroes, combining fascinating re-evaluation of the epic and traumatic experiences of Winston Churchill in the First World War, and his contributions as Britain's greatest warlord. Disgraced by disasters in the Gallipoli wars, and with his political reputation in tatters, Churchill was all but `finished'. He was also tormented, for he knew that he was one of the very few political leaders opposed to the dreadful one note strategy of endless attrition in Flanders which was `chewing up a whole generation on barbed wire'. His invention of the tank and promotion of air power stemmed from his determination to find another strategy. Illustrating the extraordinary correspondence Churchill sent from the trenches to his wife Clementine, revealing intimate insights into his personal life, as well as life on the front, and with testimony from leading historians and military experts, this is the story of his fall - and his road to redemption. 
546 |a In English. 
600 1 0 |a Churchill, Winston,  |d 1874-1965. 
600 1 7 |a Churchill, Winston,  |d 1874-1965.  |2 fast  |0 (OCoLC)fst01716876  |1 https://id.oclc.org/worldcat/entity/E39PBJmtwTh3qTFFbMpfHFfjG3 
650 0 |a World War, 1914-1918. 
651 0 |a Europe  |x History  |y 20th century. 
650 6 |a Guerre mondiale, 1914-1918. 
651 6 |a Europe  |x Histoire  |y 20e siècle. 
651 7 |a Europe.  |2 fast  |0 (OCoLC)fst01245064  |1 https://id.oclc.org/worldcat/entity/E39PBJxCxPbbk4CPJDQJb4r6rq 
647 7 |a World War  |d (1914-1918)  |2 fast  |0 (OCoLC)fst01180746  |1 https://id.oclc.org/worldcat/entity/E39Qhp4vB9cvdKydGHm4yKx7Gb 
648 7 |a 1900-1999  |2 fast 
655 7 |a Documentary television programs.  |2 fast  |0 (OCoLC)fst01710387 
655 7 |a History.  |2 fast  |0 (OCoLC)fst01411628 
655 7 |a Documentary television programs.  |2 lcgft 
655 7 |a Documentaires télévisés.  |2 rvmgf 
700 1 |a Kemp, Adam,  |e director,  |e producer,  |e screenwriter. 
710 2 |a BBC Worldwide Ltd.,  |e film distributor. 
856 4 0 |u http://proxy.library.tamu.edu/login?url=https://www.aspresolver.com/aspresolver.asp?MARC;5110097  |z Connect to this streaming video (Alexander Street Press)  |t 0 
955 |a Alexander Street Press subscription streaming video 
994 |a 92  |b TXA 
999 f f |s 62b241a9-7f48-492f-ac06-d4273271eff0  |i 120aede1-d4c5-48d8-bd1a-1e27655c7023  |t 0 
952 f f |a Texas A&M University  |b College Station  |c Electronic Resources  |d Available Online  |t 0  |h Library of Congress classification 
998 f f |t 0  |l Available Online